Political and social change in modern Egypt : historical studies from the Ottoman conquest to the United Arab Republic /
Corporate Authors: ,
Other Authors:
Format: Conference Proceeding Book
Language:
English
French
Published:
[London ; New York [etc.] :
Oxford University Press],
1968.
Subjects:
Tags: Add Tag
Call Number: DT43 .C63 1968
| LEADER | 01359namaa2200313 4500 | ||
|---|---|---|---|
| 001 | 18838 | ||
| 003 | OSt | ||
| 005 | 20260316092558.0 | ||
| 008 | 130303s1968 enkabfh b 100 0 eng d | ||
| 010 | |a 68121481 | ||
| 040 | |c ARCE Library | ||
| 041 | 0 | |a eng |a fre | |
| 043 | |a f-ua--- | ||
| 050 | 4 | |a DT43 .C63 1968 | |
| 111 | 2 | |a Conference on the Modern History of Egypt |d (1965 : |c University of London) | |
| 245 | 1 | 0 | |a Political and social change in modern Egypt : |b historical studies from the Ottoman conquest to the United Arab Republic / |c edited by P. M. Holt. |
| 264 | 1 | |a [London ; |a New York [etc.] : |b Oxford University Press], |c 1968. | |
| 300 | |a xx, 400 pages : |b 3 plates, 1 illustrations, facsimiles, map ; |c 25 cm. | ||
| 500 | |a "The essays printed in this volume represent, in revised form, papers contributed to a Conference on the Modern History of Egypt, held in April 1965 at the School of Oriental and African Studies in the University of London." | ||
| 504 | |a Includes bibliographical references. | ||
| 546 | |a English or French. | ||
| 555 | |a wafaa.lib. | ||
| 651 | 0 | |a Egypt |x History |y 1517-1882 |v Congresses. | |
| 651 | 0 | |a Egypt |x History |y 1798- |v Congresses. | |
| 700 | 1 | |a Holt, P. M., |q (Peter Malcolm) | |
| 710 | 2 | |a University of London. |b School of Oriental and African Studies. | |
| 901 | |a reviewed | ||
| 942 | |c BK |2 lcc | ||
| 999 | |c 20215 |d 20215 | ||
